[Event "Purtichju op 10th"]
[Site "Porticcio"]
[Date "2025.07.04"]
[Round "9"]
[White "Larkin, Vladislav"]
[Black "Toktomushev, Teimur"]
[Result "1-0"]
[WhiteElo "2450"]
[BlackElo "2401"]
[PlyCount "151"]
[EventDate "2025.06.28"]
[EventType "swiss"]
[EventRounds "9"]
[EventCountry "FRA"]
[SourceTitle "CB29_2025"]
[SourceDate "2025.07.16"]
[SourceVersion "1"]
[SourceVersionDate "2025.07.16"]
[SourceQuality "1"]

1. e4 c5 2. Nf3 e6 3. d4 cxd4 4. Nxd4 a6 5. g3 d5 6. Nb3 Nf6 7. exd5 exd5 8. Bg2 Be7 9. 0-0 Bg4 10. Qd3 Nc6 11. Nc3 Nb4 12. Qd2 Bf5 13. Nd4 Bg6 14. a3 Nc6 15. Nb3 0-0 16. Nxd5 Nxd5 17. Bxd5 Bf6 18. c4 Rc8 19. Qe2 Qb6 20. Qe3 Qc7 21. Qe2 Rfe8 22. Be3 Ne5 23. Nc5 Qe7 24. Rfe1 Rxc5 25. Bxc5 Qxc5 26. b4 Qa7 27. c5 Rf8 28. Rad1 h5 29. f4 Nc6 30. Kg2 Nd4 31. Qf2 Nf5 32. Bf3 Qb8 33. Rd7 Qc8 34. Red1 Qe8 35. R1d3 Qe6 36. Qe2 Qc4 37. Bd5 Qxd3 38. Bxf7+ Rxf7 39. Rxd3 Kh7 40. Qd2 Re7 41. h3 Be8 42. g4 Nh4+ 43. Kf2 Rf7 44. Rd5 hxg4 45. hxg4 Ng6 46. Qd3 Bh4+ 47. Ke3 Bg3 48. Kf3 Bxf4 49. Rf5 Bg5 50. Rxf7 Bxf7 51. Qf5 Kh6 52. Qc8 Bd5+ 53. Ke2 Bc6 54. a4 Nf4+ 55. Kf1 Nd5 56. Qe6+ g6 57. Kg1 Be3+ 58. Kh2 Bf4+ 59. Kh3 Bc7 60. Kh4 Bd8+ 61. Kg3 Bc7+ 62. Kf2 Nf4 63. Qe7 Nd5 64. Qf7 Be5 65. b5 axb5 66. axb5 Bd4+ 67. Ke1 Bc3+ 68. Kd1 Bxb5 69. Qxd5 Bc6 70. Qd8 Kh7 71. Ke2 Bb5+ 72. Ke3 Bc6 73. Kf4 Bb2 74. Kg5 Bg7 75. Qc7 Be4 76. Qf7 1-0

[Event "Purtichju op 10th"]
[Site "Porticcio"]
[Date "2025.07.01"]
[Round "5"]
[White "Carnicelli, Valerio"]
[Black "Toktomushev, Teimur"]
[Result "1-0"]
[WhiteElo "2396"]
[BlackElo "2401"]
[PlyCount "117"]
[EventDate "2025.06.28"]
[EventType "swiss"]
[EventRounds "9"]
[EventCountry "FRA"]
[SourceTitle "CB29_2025"]
[SourceDate "2025.07.16"]
[SourceVersion "1"]
[SourceVersionDate "2025.07.16"]
[SourceQuality "1"]

1. e4 c5 2. Nf3 e6 3. d4 cxd4 4. Nxd4 a6 5. Bd3 Bc5 6. Nb3 Ba7 7. Qe2 Ne7 8. Be3 0-0 9. Bxa7 Rxa7 10. Qe3 Nbc6 11. Nc3 b5 12. 0-0-0 e5 13. Rd2 d6 14. Rhd1 Be6 15. Bf1 Rd7 16. g3 Qc7 17. f4 Rfd8 18. Nd5 Qb8 19. Qf3 f6 20. c4 Kh8 21. Kb1 bxc4 22. Bxc4 Nxd5 23. Bxd5 Bxd5 24. Rxd5 Ne7 25. Ra5 Qb7 26. Qe2 h6 27. Rxa6 exf4 28. gxf4 f5 29. exf5 Nxf5 30. Na5 Qc8 31. Rc6 Qa8 32. Ra6 Qc8 33. Qd3 Rf8 34. Nc6 Rc7 35. Na7 Qb7 36. Nb5 Qxa6 37. Nxc7 Qa4 38. Nd5 Re8 39. Rc1 Qd7 40. a3 Qf7 41. Ka1 Qh5 42. h3 Qf7 43. Kb1 Rb8 44. a4 Ne7 45. Nxe7 Qxe7 46. Qd4 Qd7 47. h4 Ra8 48. b3 Qh3 49. Kb2 Qxh4 50. Rg1 Qe7 51. Rg6 Kh7 52. Rxd6 Rb8 53. Rd7 Qf8 54. Qe4+ Kh8 55. Qe7 Qg8 56. Qf7 Qh7 57. f5 h5 58. f6 Rxb3+ 59. Qxb3 1-0

[Event "FRA-ch Rapid"]
[Site "Saint Maur des Fosses"]
[Date "2025.06.14"]
[Round "6"]
[White "Belkhodja, Slim"]
[Black "Toktomushev, Teimur"]
[Result "1-0"]
[WhiteElo "2351"]
[BlackElo "2390"]
[PlyCount "145"]
[EventDate "2025.06.14"]
[EventType "swiss"]
[EventRounds "9"]
[EventCountry "FRA"]
[SourceTitle "CB25_2025"]
[SourceDate "2025.06.18"]
[SourceVersion "1"]
[SourceVersionDate "2025.06.18"]
[SourceQuality "1"]

1. e4 c5 2. Nf3 e6 3. g3 d5 4. exd5 exd5 5. d4 cxd4 6. Nxd4 Nc6 7. Bg2 Bc5 8. Nb3 Qe7+ 9. Qe2 Bb6 10. Qxe7+ Ngxe7 11. 0-0 Bf5 12. c3 0-0-0 13. N1d2 Rhe8 14. Nf3 Be4 15. Re1 h6 16. Be3 Bxe3 17. Rxe3 Kc7 18. Nfd4 Nxd4 19. Nxd4 Bxg2 20. Kxg2 Nc6 21. Nxc6 bxc6 22. Rae1 Rxe3 23. Rxe3 Kd6 24. Kf3 c5 25. Ke2 Rb8 26. b3 c4 27. b4 a5 28. a3 axb4 29. axb4 Ra8 30. h4 h5 31. Rf3 f6 32. Re3 Ra2+ 33. Ke1 g5 34. Rf3 gxh4 35. gxh4 Ke5 36. Re3+ Kf5 37. Kf1 Rc2 38. Kg2 Kg4 39. b5 Rb2 40. Re6 Rxb5 41. Rxf6 Kxh4 42. Rg6 Rb3 43. Rd6 Rb5 44. Rg6 Ra5 45. Rg8 Ra7 46. Rd8 Rg7+ 47. Kf3 Rf7+ 48. Ke3 Rf5 49. f4 Kh3 50. Rg8 h4 51. Rg5 Rf8 52. f5 Kh2 53. Kd4 Rd8 54. f6 h3 55. f7 Rf8 56. Rg7 Kh1 57. Kxd5 h2 58. Ke6 Rg8 59. Rh7 Ra8 60. Ke7 Kg2 61. f8Q Rxf8 62. Kxf8 h1Q 63. Rxh1 Kxh1 64. Ke7 Kg2 65. Kd6 Kf3 66. Kd5 Kf4 67. Kxc4 Ke5 68. Kb5 Kd6 69. c4 Kd7 70. Kb6 Kc8 71. Kc6 Kd8 72. Kb7 Kd7 73. c5 1-0

[Event "FRA-ch Rapid"]
[Site "Saint Maur des Fosses"]
[Date "2025.06.14"]
[Round "5"]
[White "Toktomushev, Teimur"]
[Black "Guliyev, Namig"]
[Result "1/2-1/2"]
[WhiteElo "2390"]
[BlackElo "2495"]
[PlyCount "198"]
[EventDate "2025.06.14"]
[EventType "swiss"]
[EventRounds "9"]
[EventCountry "FRA"]
[SourceTitle "CB25_2025"]
[SourceDate "2025.06.18"]
[SourceVersion "1"]
[SourceVersionDate "2025.06.18"]
[SourceQuality "1"]

1. d4 d5 2. c4 dxc4 3. e4 Nf6 4. Nc3 e5 5. Nf3 exd4 6. Qxd4 Qxd4 7. Nxd4 Bc5 8. Ndb5 Na6 9. Bf4 c6 10. Nd6+ Bxd6 11. Bxd6 Be6 12. e5 Nd7 13. 0-0-0 Nac5 14. Be2 0-0-0 15. f4 h5 16. h3 a6 17. g4 hxg4 18. hxg4 Rxh1 19. Rxh1 g6 20. Rf1 Re8 21. f5 gxf5 22. gxf5 Bd5 23. e6 fxe6 24. f6 b5 25. f7 Rf8 26. Bh5 Kd8 27. Rg1 Nb7 28. Bxf8 Nxf8 29. Rg8 Ke7 30. Ne2 e5 31. Ng3 Nd6 32. Rg5 e4 33. Nf5+ Nxf5 34. Rxf5 Nd7 35. Kd2 Kf8 36. Ke3 b4 37. Kd4 Ke7 38. Rf4 a5 39. Rf5 Nf8 40. Re5+ Ne6+ 41. Ke3 Kf8 42. Bg6 c3 43. bxc3 Bxa2 44. cxb4 axb4 45. Rxe4 Bd5 46. Rxb4 Kg7 47. Bh5 Nf8 48. Rf4 Ne6 49. Rf1 Nf8 50. Kd4 Kh6 51. Bg4 Kg6 52. Kc5 Bxf7 53. Kxc6 Kg7 54. Kd6 Ng6 55. Bh5 Be8 56. Kc5 Bf7 57. Kd6 Be8 58. Bd1 Bf7 59. Bc2 Be8 60. Ke6 Bb5 61. Rf7+ Kh6 62. Rf6 Be8 63. Kf5 Kg7 64. Kg5 Nf8 65. Ra6 Bf7 66. Bf5 Nh7+ 67. Kf4 Nf6 68. Ra7 Kf8 69. Ke5 Ne8 70. Bc2 Ng7 71. Ba4 Ne8 72. Rb7 Ng7 73. Kf6 Nh5+ 74. Kf5 Ng7+ 75. Ke5 Nh5 76. Ra7 Ng7 77. Bd1 Nh5 78. Ra8+ Kg7 79. Ra3 Kf8 80. Rh3 Ng7 81. Ba4 Ne8 82. Kf5 Nd6+ 83. Ke5 Nc4+ 84. Kf6 Bg8 85. Bb3 Nd2 86. Bxg8 Kxg8 87. Rg3+ Kh7 88. Ke5 Nc4+ 89. Kd5 Nb6+ 90. Ke6 Nc4 91. Rc3 Nd2 92. Kf5 Kg7 93. Kf4 Kf6 94. Rc6+ Ke7 95. Ke3 Nb3 96. Kd3 Kd7 97. Rc2 Na5 98. Kd4 Nc6+ 99. Kd5 Nb4+ 1/2-1/2

[Event "Titled Tuesday intern op 03rd Jan Late"]
[Site "Chess.com INT"]
[Date "2025.06.03"]
[Round "8"]
[White "Ibarra Jerez, Jose Carlos"]
[Black "Toktomushev, Teimur"]
[Result "1-0"]
[WhiteElo "2545"]
[BlackElo "2398"]
[PlyCount "89"]
[EventDate "2025.06.03"]
[EventType "swiss (blitz)"]
[EventRounds "11"]
[EventCountry "USA"]
[SourceTitle "CB24_2025"]
[SourceDate "2025.06.11"]
[SourceVersion "1"]
[SourceVersionDate "2025.06.11"]
[SourceQuality "1"]

1. e4 c5 2. Nf3 e6 3. d3 d5 4. Qe2 Nf6 5. g3 Nc6 6. Bg2 Be7 7. 0-0 0-0 8. e5 Nd7 9. c4 Re8 10. Nc3 Nf8 11. h4 a6 12. h5 h6 13. Bf4 b5 14. Nh2 Nd4 15. Qd2 Bb7 16. Ng4 Nh7 17. Ne3 b4 18. cxd5 bxc3 19. bxc3 Bg5 20. Bxg5 Nxg5 21. f4 Bxd5 22. Nxd5 Ngf3+ 23. Bxf3 Nxf3+ 24. Rxf3 Qxd5 25. Raf1 Red8 26. g4 Rab8 27. Qg2 c4 28. d4 Qe4 29. f5 exf5 30. gxf5 Kh8 31. Qg3 Qc2 32. R1f2 Qc1+ 33. Kh2 Rb1 34. Qg2 Qg5 35. Qxg5 hxg5 36. f6 gxf6 37. Rxf6 Rc1 38. R2f3 g4 39. Rg3 Rb8 40. Rxg4 Rxc3 41. Rxf7 Rb2+ 42. Rg2 Rxg2+ 43. Kxg2 Rd3 44. e6 Re3 45. e7 1-0

[Event "Titled Tuesday intern op 03rd Jan Late"]
[Site "Chess.com INT"]
[Date "2025.06.03"]
[Round "11"]
[White "Popov, Konstantin"]
[Black "Toktomushev, Teimur"]
[Result "1-0"]
[WhiteElo "2378"]
[BlackElo "2398"]
[PlyCount "67"]
[EventDate "2025.06.03"]
[EventType "swiss (blitz)"]
[EventRounds "11"]
[EventCountry "USA"]
[SourceTitle "CB24_2025"]
[SourceDate "2025.06.11"]
[SourceVersion "1"]
[SourceVersionDate "2025.06.11"]
[SourceQuality "1"]

1. e4 c5 2. Nf3 e6 3. d4 cxd4 4. Nxd4 a6 5. Bd3 Bc5 6. Nb3 Ba7 7. 0-0 Ne7 8. Qe2 0-0 9. Be3 b5 10. a4 bxa4 11. Rxa4 Nbc6 12. N1d2 Qc7 13. Rfa1 Ng6 14. g3 Nge5 15. f4 Nxd3 16. cxd3 d6 17. Nc4 d5 18. Nca5 Nxa5 19. Rxa5 dxe4 20. dxe4 Rb8 21. Nc5 Bb6 22. Nxa6 Bxa6 23. Rxa6 Bxe3+ 24. Qxe3 Rxb2 25. R6a2 Rxa2 26. Rxa2 Rb8 27. Kg2 h5 28. Kh3 g6 29. Qd4 Qc1 30. Ra7 Qf1+ 31. Kh4 Qg2 32. Kg5 Qxh2 33. Kh6 Qb2 34. Qxb2 1-0

[Event "Titled Tuesday intern op 06th May Early"]
[Site "Chess.com INT"]
[Date "2025.05.06"]
[Round "8"]
[White "Ibarra Jerez, Jose Carlos"]
[Black "Toktomushev, Teimur"]
[Result "1-0"]
[WhiteElo "2545"]
[BlackElo "2398"]
[PlyCount "85"]
[EventDate "2025.05.06"]
[EventType "swiss (blitz)"]
[EventRounds "11"]
[EventCountry "USA"]
[SourceTitle "CB20_2025"]
[SourceDate "2025.05.14"]
[SourceVersion "1"]
[SourceVersionDate "2025.05.14"]
[SourceQuality "1"]

1. e4 c5 2. Nf3 e6 3. d4 cxd4 4. Nxd4 a6 5. c4 Nf6 6. Nc3 Qc7 7. a3 b6 8. Be3 Bb7 9. f3 Be7 10. Rc1 d6 11. Be2 0-0 12. b4 Nbd7 13. 0-0 Rac8 14. Qd2 Qb8 15. Rc2 Ba8 16. Rb1 Rc7 17. Na4 Rfc8 18. Qc1 b5 19. Nb2 Ne5 20. cxb5 Rxc2 21. Nxc2 d5 22. b6 dxe4 23. Bxa6 Rd8 24. f4 Nd3 25. Qf1 Nd5 26. Nc4 Nxe3 27. N2xe3 Bd5 28. f5 Bf6 29. fxe6 Bxe6 30. Nc2 Bxc4 31. Bxc4 Qxb6+ 32. Kh1 Nf2+ 33. Kg1 Rd2 34. Ne1 Nd3+ 35. Kh1 Nf2+ 36. Kg1 Nd3+ 37. Kh1 Rf2 38. Qg1 Nf4 39. a4 Bd4 40. a5 Qa7 41. Rd1 e3 42. Nf3 e2 43. Bxe2 1-0

[Event "Titled Tuesday intern op 06th May Early"]
[Site "Chess.com INT"]
[Date "2025.05.06"]
[Round "5"]
[White "Paduano, Claudio"]
[Black "Toktomushev, Teimur"]
[Result "0-1"]
[WhiteElo "2249"]
[BlackElo "2398"]
[PlyCount "90"]
[EventDate "2025.05.06"]
[EventType "swiss (blitz)"]
[EventRounds "11"]
[EventCountry "USA"]
[SourceTitle "CB20_2025"]
[SourceDate "2025.05.14"]
[SourceVersion "1"]
[SourceVersionDate "2025.05.14"]
[SourceQuality "1"]

1. d4 d5 2. c4 e6 3. Nc3 Nf6 4. Nf3 Be7 5. Bf4 0-0 6. e3 b6 7. cxd5 Nxd5 8. Nxd5 Qxd5 9. Bd3 Ba6 10. 0-0 Bxd3 11. Qxd3 c5 12. e4 Qb7 13. d5 exd5 14. exd5 Rd8 15. Rad1 Nd7 16. d6 Bf6 17. Ng5 Nf8 18. b3 Ng6 19. Bc1 Bd4 20. Qg3 Qc6 21. Nf3 Qxd6 22. Nxd4 cxd4 23. Qxd6 Rxd6 24. Ba3 Rd7 25. Rd2 Ne5 26. Rfd1 Rad8 27. Bb2 Nc6 28. f4 f6 29. a3 Kf7 30. b4 d3 31. Kf2 b5 32. Ke3 Ke6 33. Rxd3 Rxd3+ 34. Rxd3 Rxd3+ 35. Kxd3 Kd5 36. Bc3 a6 37. g4 Nd8 38. f5 Nf7 39. Ke3 Nd6 40. Kf4 Nc4 41. g5 fxg5+ 42. Kxg5 Ne5 43. f6 gxf6+ 44. Kxf6 Ng4+ 45. Kf7 Nxh2 0-1

[Event "Titled Tuesday intern op 06th May Early"]
[Site "Chess.com INT"]
[Date "2025.05.06"]
[Round "10"]
[White "Toktomushev, Teimur"]
[Black "Boyer, Mahel"]
[Result "0-1"]
[WhiteElo "2398"]
[BlackElo "2521"]
[PlyCount "58"]
[EventDate "2025.05.06"]
[EventType "swiss (blitz)"]
[EventRounds "11"]
[EventCountry "USA"]
[SourceTitle "CB20_2025"]
[SourceDate "2025.05.14"]
[SourceVersion "1"]
[SourceVersionDate "2025.05.14"]
[SourceQuality "1"]

1. d4 c6 2. c4 b5 3. cxb5 cxb5 4. Nf3 Bb7 5. g3 Bxf3 6. exf3 a6 7. a4 b4 8. Nd2 d5 9. f4 Nf6 10. Nf3 e6 11. Bd3 g6 12. h4 Bd6 13. Ne5 h5 14. Bd2 Qb6 15. a5 Qb7 16. Qa4+ Kf8 17. Rc1 Kg7 18. 0-0 Rc8 19. Rxc8 Qxc8 20. Bxb4 Bxb4 21. Qxb4 Nc6 22. Qc5 Nxe5 23. fxe5 Ne4 24. Bxe4 dxe4 25. Rc1 Qd8 26. Qb6 Qd5 27. Rc7 e3 28. Qb7 Qxb7 29. Rxb7 e2 0-1

[Event "Karlsruhe Grenke op"]
[Site "Karlsruhe"]
[Date "2025.04.21"]
[Round "8"]
[White "Toktomushev, Teimur"]
[Black "Jakobeit, David"]
[Result "0-1"]
[WhiteElo "2418"]
[BlackElo "2250"]
[PlyCount "94"]
[EventDate "2025.04.17"]
[EventType "swiss"]
[EventRounds "9"]
[EventCountry "GER"]
[SourceTitle "CB17_2025"]
[SourceDate "2025.04.23"]
[SourceVersion "1"]
[SourceVersionDate "2025.04.23"]
[SourceQuality "1"]

1. d4 d6 2. c4 e5 3. Nf3 e4 4. Ng5 f5 5. Nc3 Be7 6. h4 Nf6 7. Bf4 c6 8. e3 0-0 9. Be2 Na6 10. Qc2 h6 11. Nh3 Nc7 12. Bg3 Be6 13. Nf4 Bf7 14. h5 d5 15. Qb3 Kh7 16. Ng6 Bxg6 17. hxg6+ Kxg6 18. Qxb7 Bd6 19. Qxc6 Bxg3 20. fxg3 Rb8 21. 0-0-0 Rb6 22. Qa4 dxc4 23. g4 Ncd5 24. gxf5+ Kh7 25. Qxa7 Nxe3 26. Rxh6+ Kxh6 27. Rh1+ Kg5 28. Qxg7+ Kxf5 29. Qh6 Qxd4 30. Qxf8 Ned5 31. g4+ Ke5 32. Rh5+ Nxh5 33. Qe8+ Kf4 34. Nxd5+ Qxd5 35. Qxh5 Qxh5 36. gxh5 Ke3 37. Bg4 Kf2 38. Kc2 e3 39. Kc3 Rf6 40. h6 Rxh6 41. a4 Rh4 42. Bd1 Rh1 43. Bg4 Rc1+ 44. Kb4 Kg3 45. Bh5 Rh1 46. Be2 Rh2 47. Bxc4 Rh4 0-1

[Event "Titled Tuesday intern op 18th Mar Late"]
[Site "Chess.com INT"]
[Date "2025.03.18"]
[Round "3"]
[White "Fedorov, Artem Alek"]
[Black "Toktomushev, Teimur"]
[Result "1-0"]
[WhiteElo "2277"]
[BlackElo "2407"]
[PlyCount "67"]
[EventDate "2025.03.18"]
[EventType "swiss (blitz)"]
[EventRounds "11"]
[EventCountry "USA"]
[SourceTitle "CB13_2025"]
[SourceDate "2025.03.26"]
[SourceVersion "1"]
[SourceVersionDate "2025.03.26"]
[SourceQuality "1"]

1. e4 c5 2. Nf3 e6 3. d4 cxd4 4. Nxd4 a6 5. Bd3 Bc5 6. Nb3 Ba7 7. Qg4 Nf6 8. Qg3 d6 9. Nc3 Nc6 10. Bg5 h6 11. Bd2 b5 12. 0-0-0 Nh5 13. Qh3 g6 14. g4 Nf6 15. g5 Nh5 16. gxh6 Qf6 17. f3 Ne5 18. Rhf1 Nf4 19. Qg3 Nexd3+ 20. cxd3 e5 21. Bxf4 exf4 22. Nd5 Qe5 23. Qh4 g5 24. Qh5 Bd7 25. Nc7+ Ke7 26. Nxa8 Rxa8 27. d4 Qf6 28. Rg1 Rc8+ 29. Kb1 Rg8 30. h4 g4 31. fxg4 f3 32. g5 Qf4 33. Rgf1 Qxe4+ 34. Ka1 1-0

[Event "Titled Tuesday intern op 18th Mar Late"]
[Site "Chess.com INT"]
[Date "2025.03.18"]
[Round "11"]
[White "Morris Suzuki, Alan H"]
[Black "Toktomushev, Teimur"]
[Result "0-1"]
[WhiteElo "1987"]
[BlackElo "2407"]
[PlyCount "72"]
[EventDate "2025.03.18"]
[EventType "swiss (blitz)"]
[EventRounds "11"]
[EventCountry "USA"]
[SourceTitle "CB13_2025"]
[SourceDate "2025.03.26"]
[SourceVersion "1"]
[SourceVersionDate "2025.03.26"]
[SourceQuality "1"]

1. e4 c5 2. Nc3 e6 3. g3 d5 4. exd5 exd5 5. Bg2 Nf6 6. Nge2 Nc6 7. d4 cxd4 8. Nxd4 Be7 9. 0-0 0-0 10. h3 h6 11. Re1 Re8 12. Bf4 a6 13. Qd3 Bd7 14. Rad1 Rc8 15. Kh2 Bc5 16. Be3 Ne5 17. Qe2 Nc4 18. Nxd5 Nxd5 19. Bxd5 Nxb2 20. Qf3 Nxd1 21. Bxf7+ Kh8 22. Bxe8 Nxe3 23. Qxb7 Bxe8 24. Ne6 Qd7 25. Nxc5 Rxc5 26. Qb8 Rc8 27. Qe5 Nc4 28. Qf4 Qf7 29. Qd4 Bc6 30. Kg1 Qd5 31. Qxd5 Bxd5 32. Rd1 Bb7 33. Rd4 Na5 34. Ra4 Rxc2 35. Rxa5 Rc1+ 36. Kh2 Rh1# 0-1

[Event "Titled Tuesday intern op 18th Mar Late"]
[Site "Chess.com INT"]
[Date "2025.03.18"]
[Round "6"]
[White "Toktomushev, Teimur"]
[Black "Sliwicki, Damian"]
[Result "1-0"]
[WhiteElo "2407"]
[BlackElo "2157"]
[PlyCount "37"]
[EventDate "2025.03.18"]
[EventType "swiss (blitz)"]
[EventRounds "11"]
[EventCountry "USA"]
[SourceTitle "CB13_2025"]
[SourceDate "2025.03.26"]
[SourceVersion "1"]
[SourceVersionDate "2025.03.26"]
[SourceQuality "1"]

1. d4 Nf6 2. c4 e6 3. Nf3 Bb4+ 4. Bd2 Bxd2+ 5. Qxd2 0-0 6. Nc3 d5 7. e3 b6 8. cxd5 exd5 9. Bd3 Nbd7 10. 0-0 Bb7 11. Ne5 Nxe5 12. dxe5 Ne4 13. Qc2 Nxc3 14. bxc3 h6 15. f4 Qh4 16. Rf3 d4 17. Rh3 Qg4 18. cxd4 Bd5 19. Bf5 1-0

[Event "Titled Tuesday intern op 11th Mar Late"]
[Site "Chess.com INT"]
[Date "2025.03.11"]
[Round "9"]
[White "Przybylski, Wojciech"]
[Black "Toktomushev, Teimur"]
[Result "0-1"]
[WhiteElo "2335"]
[BlackElo "2407"]
[PlyCount "132"]
[EventDate "2025.03.11"]
[EventType "swiss (blitz)"]
[EventRounds "11"]
[EventCountry "USA"]
[SourceTitle "CB12_2025"]
[SourceDate "2025.03.19"]
[SourceVersion "1"]
[SourceVersionDate "2025.03.19"]
[SourceQuality "1"]

1. d4 d5 2. c4 e6 3. g3 Nf6 4. Bg2 Be7 5. Nf3 0-0 6. 0-0 c6 7. Re1 b6 8. Nc3 Ba6 9. b3 Nbd7 10. e4 dxc4 11. Bf1 e5 12. dxe5 Ng4 13. Bf4 Bc5 14. Re2 cxb3 15. Rd2 Bxf1 16. Rxd7 Nxf2 17. Rxd8 Nxd1+ 18. Kxf1 Nxc3 19. Rxa8 Rxa8 20. axb3 Nxe4 21. Ke2 Nc3+ 22. Kd3 Nd5 23. Bd2 Kf8 24. Ng5 h6 25. Ne4 Be7 26. h4 Ke8 27. Rf1 a5 28. Rc1 Kd7 29. Rf1 Ke6 30. Rc1 c5 31. Ra1 b5 32. Rc1 a4 33. bxa4 Rxa4 34. Nxc5+ Bxc5 35. Rxc5 Ra3+ 36. Ke2 Rxg3 37. Kf2 Rg4 38. Rxb5 Rxh4 39. Be1 Re4 40. Bd2 Rxe5 41. Rb7 Rf5+ 42. Kg3 g5 43. Ra7 Kf6 44. Ra6+ Kg7 45. Bc1 f6 46. Rd6 Kg6 47. Bb2 Nf4 48. Rd8 h5 49. Bc1 h4+ 50. Kh2 Nh5 51. Be3 Re5 52. Bd4 Re2+ 53. Kh3 Nf4+ 54. Kg4 Rg2+ 55. Kf3 Rg3+ 56. Kf2 Rd3 57. Bxf6 Kxf6 58. Rf8+ Kg6 59. Rg8+ Kf5 60. Rf8+ Kg4 61. Ke1 h3 62. Rh8 Ra3 63. Kf2 Ra2+ 64. Kg1 Kg3 65. Rxh3+ Nxh3+ 66. Kh1 Rh2# 0-1

[Event "Titled Tuesday intern op 11th Mar Late"]
[Site "Chess.com INT"]
[Date "2025.03.11"]
[Round "8"]
[White "Toktomushev, Teimur"]
[Black "Rustemov, Alexander"]
[Result "0-1"]
[WhiteElo "2407"]
[BlackElo "2525"]
[PlyCount "118"]
[EventDate "2025.03.11"]
[EventType "swiss (blitz)"]
[EventRounds "11"]
[EventCountry "USA"]
[SourceTitle "CB12_2025"]
[SourceDate "2025.03.19"]
[SourceVersion "1"]
[SourceVersionDate "2025.03.19"]
[SourceQuality "1"]

1. d4 d5 2. c4 c6 3. Nc3 Nf6 4. e3 a6 5. Nf3 b5 6. cxd5 cxd5 7. Bd3 Bb7 8. 0-0 e6 9. Qe2 Be7 10. e4 dxe4 11. Nxe4 Nbd7 12. Ne5 0-0 13. a4 Nxe4 14. Bxe4 Bxe4 15. Qxe4 Nxe5 16. dxe5 Rc8 17. axb5 axb5 18. Be3 Bc5 19. Rfd1 Qb6 20. Bxc5 Qxc5 21. h3 h6 22. Rd7 Qc2 23. Qb4 Qc5 24. Qf4 Qc2 25. Raa7 Qc1+ 26. Qxc1 Rxc1+ 27. Kh2 Rc2 28. f3 Rxb2 29. Rdb7 b4 30. Ra4 Re2 31. Rb5 b3 32. Rab4 Rc8 33. Rb8 Rxb8 34. Rxb8+ Kh7 35. Rxb3 Rxe5 36. Rb7 Kg6 37. Ra7 Rd5 38. Kg3 h5 39. Kf2 h4 40. Ra4 Kh5 41. Rf4 f6 42. Rg4 g5 43. Re4 e5 44. Ra4 Kg6 45. Ra6 Kf5 46. Ra4 Rd2+ 47. Kf1 Rd4 48. Ra2 Kf4 49. Ke2 Kg3 50. Ke3 f5 51. Ra5 f4+ 52. Ke2 Kxg2 53. Rxe5 Kxh3 54. Rxg5 Ra4 55. Rg4 Rb4 56. Kd2 Kh2 57. Rxh4+ Kg2 58. Ke2 Rb2+ 59. Kd3 Kxf3 0-1

[Event "Titled Tuesday intern op 11th Mar Late"]
[Site "Chess.com INT"]
[Date "2025.03.11"]
[Round "6"]
[White "Toktomushev, Teimur"]
[Black "Shirov, Alexei"]
[Result "1-0"]
[WhiteElo "2407"]
[BlackElo "2652"]
[PlyCount "81"]
[EventDate "2025.03.11"]
[EventType "swiss (blitz)"]
[EventRounds "11"]
[EventCountry "USA"]
[SourceTitle "CB12_2025"]
[SourceDate "2025.03.19"]
[SourceVersion "1"]
[SourceVersionDate "2025.03.19"]
[SourceQuality "1"]

1. d4 Nf6 2. c4 e6 3. Nf3 d5 4. Nc3 c6 5. e3 Nbd7 6. Qc2 Bd6 7. Bd3 0-0 8. 0-0 dxc4 9. Bxc4 b5 10. Bd3 Bb7 11. e4 e5 12. dxe5 Nxe5 13. Nxe5 Bxe5 14. h3 b4 15. Na4 c5 16. Nxc5 Bc6 17. Be3 Rc8 18. Rfd1 Qe7 19. Rac1 Rfd8 20. Qe2 g6 21. f4 Bd4 22. e5 Nh5 23. Qf2 Bxe3 24. Qxe3 Bd5 25. Ne4 Rxc1 26. Rxc1 Bxa2 27. Be2 Ng7 28. g4 Kh8 29. Ra1 b3 30. Rd1 a5 31. Rxd8+ Qxd8 32. Nd6 Qc7 33. Bc4 Ne6 34. f5 Qc5 35. Qxc5 Nxc5 36. f6 Kg8 37. Bxf7+ Kf8 38. e6 Nxe6 39. Bxe6 a4 40. Nb5 Bb1 41. Nc3 1-0

[Event "Titled Tuesday intern op 04th Mar Early"]
[Site "Chess.com INT"]
[Date "2025.03.04"]
[Round "10"]
[White "Dragnev, Valentin"]
[Black "Toktomushev, Teimur"]
[Result "1-0"]
[WhiteElo "2545"]
[BlackElo "2407"]
[PlyCount "79"]
[EventDate "2025.03.04"]
[EventType "swiss (blitz)"]
[EventRounds "11"]
[EventCountry "USA"]
[SourceTitle "CB11_2025"]
[SourceDate "2025.03.12"]
[SourceVersion "1"]
[SourceVersionDate "2025.03.12"]
[SourceQuality "1"]

1. e4 c5 2. Nf3 e6 3. g3 d5 4. exd5 exd5 5. d4 cxd4 6. Bg2 Bb4+ 7. Bd2 Qe7+ 8. Qe2 Bxd2+ 9. Nbxd2 Nc6 10. Nb3 Qxe2+ 11. Kxe2 Bg4 12. h3 Bh5 13. g4 d3+ 14. Kxd3 Bg6+ 15. Kd2 Nf6 16. Nh4 0-0-0 17. Nxg6 hxg6 18. Rad1 Kc7 19. Kc1 Rhe8 20. Rhe1 Ne4 21. Re2 Nb4 22. Kb1 Nc6 23. Rde1 f5 24. c3 a6 25. Kc2 b5 26. Nc5 b4 27. Nxa6+ Kb6 28. Nxb4 Nxb4+ 29. cxb4 Rc8+ 30. Kd1 Rc4 31. Bxe4 fxe4 32. a3 Rec8 33. Rd2 Rc1+ 34. Ke2 R1c2 35. Red1 d4 36. Rxc2 Rxc2+ 37. Rd2 Rc4 38. f3 e3 39. Rd1 Kb5 40. Kd3 1-0

[Event "Titled Tuesday intern op 04th Mar Early"]
[Site "Chess.com INT"]
[Date "2025.03.04"]
[Round "7"]
[White "Fernandes, Rogerio Paulo Mulle"]
[Black "Toktomushev, Teimur"]
[Result "0-1"]
[WhiteElo "2241"]
[BlackElo "2407"]
[PlyCount "112"]
[EventDate "2025.03.04"]
[EventType "swiss (blitz)"]
[EventRounds "11"]
[EventCountry "USA"]
[SourceTitle "CB11_2025"]
[SourceDate "2025.03.12"]
[SourceVersion "1"]
[SourceVersionDate "2025.03.12"]
[SourceQuality "1"]

1. c4 e6 2. g3 d5 3. Bg2 Nf6 4. Nf3 Be7 5. 0-0 0-0 6. d4 c6 7. Nbd2 b6 8. b3 c5 9. dxc5 bxc5 10. cxd5 exd5 11. Bb2 Be6 12. Rc1 Nbd7 13. Ng5 Bf5 14. e4 Bg4 15. f3 Bh5 16. Nh3 dxe4 17. g4 Bg6 18. Nxe4 Nxe4 19. fxe4 Qc7 20. Nf4 Nb6 21. Nxg6 hxg6 22. e5 Rad8 23. Qc2 c4 24. bxc4 Bc5+ 25. Kh1 Qe7 26. Rcd1 Nd7 27. Rfe1 Bb6 28. Bd5 Nc5 29. Rf1 Kh8 30. Qc3 Ne6 31. Ba3 Bc5 32. Bxc5 Nxc5 33. Qh3+ Kg8 34. Qf3 Ne6 35. Qg3 Qc5 36. Rf3 Nd4 37. Rfd3 Nc6 38. Rf3 Nb4 39. Rdf1 Nxd5 40. cxd5 Qxd5 41. Qg2 Qe6 42. Qf2 Rd5 43. Rxf7 Rxf7 44. Qxf7+ Qxf7 45. Rxf7 Kxf7 46. e6+ Kxe6 47. Kg2 Rd2+ 48. Kg3 Rxa2 49. h4 a5 50. Kf4 a4 51. Kg5 Rg2 52. Kxg6 Rxg4+ 53. Kh7 a3 54. h5 a2 55. h6 a1Q 56. hxg7 Qxg7# 0-1

[Event "Titled Tuesday intern op 04th Mar Early"]
[Site "Chess.com INT"]
[Date "2025.03.04"]
[Round "3"]
[White "Garifulin, Yury"]
[Black "Toktomushev, Teimur"]
[Result "0-1"]
[WhiteElo "2225"]
[BlackElo "2407"]
[PlyCount "70"]
[EventDate "2025.03.04"]
[EventType "swiss (blitz)"]
[EventRounds "11"]
[EventCountry "USA"]
[SourceTitle "CB11_2025"]
[SourceDate "2025.03.12"]
[SourceVersion "1"]
[SourceVersionDate "2025.03.12"]
[SourceQuality "1"]

1. d4 d5 2. Nc3 Nf6 3. Bf4 a6 4. e3 c5 5. Nf3 Nc6 6. Qd2 cxd4 7. exd4 Bf5 8. Bd3 Bxd3 9. Qxd3 e6 10. a3 Bd6 11. Ne5 0-0 12. 0-0-0 Qc7 13. Rde1 Nh5 14. Bg3 g6 15. Ng4 Rfc8 16. Qe3 b5 17. Bxd6 Qxd6 18. Ne2 b4 19. a4 Ne7 20. Ng3 Qc6 21. Re2 Qxa4 22. Nxh5 Qa1+ 23. Kd2 Qxb2 24. Nhf6+ Kh8 25. Rc1 Nf5 26. Qh3 Qxd4+ 27. Ke1 Qc3+ 28. Qxc3 Rxc3 29. g3 Nd4 30. Re3 Nxc2+ 31. Rxc2 Rxc2 32. h4 a5 33. h5 a4 34. h6 a3 35. Ne5 Rc7 0-1